Φορολογική λογιστική : τεχνικά επαγγελματικά εκπαιδευτήρια, τομέας οικονομίας και διοίκησης, Β' τάξη 1ου κύκλου

Αποθηκεύτηκε σε:
Λεπτομέρειες βιβλιογραφικής εγγραφής
Κύριος συγγραφέας: Ρεκλείτης, Παναγιώτης Δ.
Συγγραφή απο Οργανισμό/Αρχή: Υπουργείο Εθνικής Παιδείας και Θρησκευμάτων Παιδαγωγικό Ινστιτούτο
Άλλοι συγγραφείς: Φίλης, Αθανάσιος
Μορφή: Βιβλίο
Γλώσσα:Greek
Δημοσίευση: Αθήνα : Οργανισμός Εκδόσεως Διδακτικών Βιβλίων, 1999
Θέματα:
Ετικέτες: Προσθήκη ετικέτας
Δεν υπάρχουν, Καταχωρήστε ετικέτα πρώτοι!

MARC

LEADER 00000cam a2200000 i 4500
001 1/73527
008 050315s1999 gre d
035 |l 10077117 
040 |a GR-MY-UA  |b gre  |e aacr 
041 0 |a gre 
082 0 |a 657.46  |2 (21) 
100 1 |a Ρεκλείτης, Παναγιώτης Δ. 
245 1 0 |a Φορολογική λογιστική :  |b τεχνικά επαγγελματικά εκπαιδευτήρια, τομέας οικονομίας και διοίκησης, Β' τάξη 1ου κύκλου /  |c Παναγιώτης Ρεκλείτης, Αθανάσιος Φίλης 
260 |a Αθήνα :   |b Οργανισμός Εκδόσεως Διδακτικών Βιβλίων,   |c 1999 
300 |a 309 σ.;  |b εικ.;  |c 24 εκ. 
500 |a Ειδικότητα: υπαλλήλων οικονομικών υπηρεσιών 
650 0 0 |a Tax accounting  |x Study and teaching. 
700 1 |a Φίλης, Αθανάσιος. 
710 2 |a Υπουργείο Εθνικής Παιδείας και Θρησκευμάτων  |b Παιδαγωγικό Ινστιτούτο. 
852 |a INST  |b SAMOS  |e 20050315  |h 657.46 ΦΟΡ  |p 005300025303  |q 005300025303  |t BK  |y 0 
901 |a BIBL3-2005-1 
909 |a Σ  |b 114385 
970 |a ΜΑΛΑΓΑΡΗ  |b ΦΩΤΕΙΝΗ  |z 2005/03/15